Catalog

Record Details

Catalog Search



Twisted  Cover Image Book Book

Twisted / Laura Griffin.

Summary:

"Allison Doyle's new case will make her career ... if she lives to solve it. Motive, opportunity and no alibi--rookie detective Allison Doyle knows it's as close to a slam dunk as most investigations get. But even though her small-town Texas police department has identified a prime suspect in a young woman's vicious murder, she can't rest easy. And when legendary FBI profiler Mark Wolfe shows up with a startling new theory, all her doubts are amplified. If Wolfe is correct, the real killer is an elusive psychopath who has left a trail of bodies behind him. And he's just days away from his next kill ..."

Record details

  • ISBN: 9781451617375
  • ISBN: 1451617372
  • Physical Description: 370 pages ; 17 cm.
  • Edition: 1st Pocket Star books pbk. ed.
  • Publisher: New York, NY : Pocket Star, 2012.
Subject: United States. Federal Bureau of Investigation > Officials and employees > Fiction.
Policewomen > Texas > Fiction.
Murder > Investigation > Texas > Fiction.
Serial murderers > Texas > Fiction.
Texas > Fiction.
Genre: Romantic suspense fiction.
Romantic suspense fiction.

Available copies

  • 1 of 1 copy available at scottsboropl.

Holds

  • 0 current holds with 1 total copy.
Show Only Available Copies
Location Call Number / Copy Notes Barcode Shelving Location Status Due Date
scottsboropl F Gri 32269001160129 Adult - Fiction Available -

LDR 03551cam a2200637Ia 4500
001154859
003SBPL
00520201230160419.0
008110714s2012 nyu 000 f eng d
020 . ‡a9781451617375 ‡q(pbk.)
020 . ‡a1451617372 ‡q(pbk.)
035 . ‡a(OCoLC)741542798
043 . ‡an-us-tx
05014. ‡aPS3607.R54838 ‡bT95 2012
08204. ‡a813/.6
1001 . ‡aGriffin, Laura, ‡d1973-
24510. ‡aTwisted / ‡cLaura Griffin.
250 . ‡a1st Pocket Star books pbk. ed.
260 . ‡aNew York, NY : ‡bPocket Star, ‡c2012.
300 . ‡a370 pages ; ‡c17 cm.
336 . ‡atext ‡btxt ‡2rdacontent
337 . ‡aunmediated ‡bn ‡2rdamedia
338 . ‡avolume ‡bnc ‡2rdacarrier
4901 . ‡aTracers series
520 . ‡a"Allison Doyle's new case will make her career ... if she lives to solve it. Motive, opportunity and no alibi--rookie detective Allison Doyle knows it's as close to a slam dunk as most investigations get. But even though her small-town Texas police department has identified a prime suspect in a young woman's vicious murder, she can't rest easy. And when legendary FBI profiler Mark Wolfe shows up with a startling new theory, all her doubts are amplified. If Wolfe is correct, the real killer is an elusive psychopath who has left a trail of bodies behind him. And he's just days away from his next kill ..."
61010. ‡aUnited States. ‡bFederal Bureau of Investigation ‡xOfficials and employees ‡vFiction.
650 0. ‡aPolicewomen ‡zTexas ‡vFiction.
650 0. ‡aMurder ‡xInvestigation ‡zTexas ‡vFiction.
650 0. ‡aSerial murderers ‡zTexas ‡vFiction.
651 0. ‡aTexas ‡vFiction.
655 0. ‡aRomantic suspense fiction.
655 7. ‡aRomantic suspense fiction. ‡2lcgft
8001 . ‡aGriffin, Laura, ‡d1973- ‡tTracers series.
901 . ‡a154859 ‡b ‡c154859 ‡tbiblio

Additional Resources